Macroeconomics : (Record no. 1493)

MARC details
000 -LEADER
fixed length control field 01309nac a22002891u 4500
010 ## - LIBRARY OF CONGRESS CONTROL NUMBER
LC control number 2005932192
020 ## - INTERNATIONAL STANDARD BOOK NUMBER
International Standard Book Number 0324374240
020 ## - INTERNATIONAL STANDARD BOOK NUMBER
International Standard Book Number 0324359373
020 ## - INTERNATIONAL STANDARD BOOK NUMBER
International Standard Book Number 0324359195 (pbk.)
035 ## - SYSTEM CONTROL NUMBER
System control number (OCoLC)ocm63680733
082 ## - DEWEY DECIMAL CLASSIFICATION NUMBER
Classification number 339
Item number H1741
090 ## - LOCALLY ASSIGNED LC-TYPE CALL NUMBER (OCLC); LOCAL CALL NUMBER (OCLC)
-- 1493
-- 1493
100 ## - MAIN ENTRY--PERSONAL NAME
Personal name Hall, Robert Ernest,
245 10 - TITLE STATEMENT
Title Macroeconomics :
Remainder of title principles and applications /
Statement of responsibility, etc Robert E. Hall, Marc Lieberman.
250 ## - EDITION STATEMENT
Edition statement 3rd ed., 2006 update.
260 ## - PUBLICATION, DISTRIBUTION, ETC. (IMPRINT)
Place of publication, distribution, etc Mason, OH :
Name of publisher, distributor, etc Thomson/South-Western,
Date of publication, distribution, etc c2006.
300 ## - PHYSICAL DESCRIPTION
Extent xxiii, 528, [14] p. :
Other physical details ill. ;
Dimensions 26 cm.
504 ## - BIBLIOGRAPHY, ETC. NOTE
Bibliography, etc Includes bibliographical references and index.
650 #0 - SUBJECT ADDED ENTRY--TOPICAL TERM
Topical term or geographic name as entry element Macroeconomics.
700 1# - ADDED ENTRY--PERSONAL NAME
Personal name Lieberman, Marc.
942 ## - ADDED ENTRY ELEMENTS (KOHA)
Item type
Call number prefix 339H1741
Holdings
Withdrawn status Item status Materials specified (bound volume or other part) Damaged status Not for loan Home library Current library Shelving location Date acquired Source of acquisition Total Checkouts Full call number Barcode Date last seen Koha item type Date last borrowed
  Lost Lost In Inventory_2017-8-25     Central Library Central Library First floor 19/10/2006 Purchase   339 HAL 000002878 23/08/2016 Book - Borrowing  
          Central Library Central Library First floor 19/10/2006 Purchase   339 HAL 000002877 15/07/2025 Book - Borrowing  
          Central Library Central Library First floor 19/10/2006 Purchase   339 HAL 000002876 15/07/2025 Book - Borrowing  
          Central Library Central Library First floor 19/10/2006 Purchase 1 339 HAL 000002875 15/07/2025 Book - Borrowing 22/11/2015
          Central Library Central Library First floor 19/10/2006 Purchase   339 HAL 000002874 15/07/2025 Book - Borrowing